Winisis 1.4 (Disco compacto) /
| Korporativní autor: | |
|---|---|
| Médium: | Kniha |
| Jazyk: | španělština |
| Vydáno: |
Brasil :
UNESCO,
2001
|
| Témata: |
MARC
| LEADER | 00000nam a2200000Ia 4500 | ||
|---|---|---|---|
| 008 | 180925b2001 bl ||||| |||| 00| | spa d | ||
| 999 | |c 2441 |d 2441 | ||
| 090 | |a CD #124 | ||
| 110 | |a Organización de las Naciones Unidas para la Educación, la Ciencia y la Cultura |9 833 | ||
| 245 | 1 | 0 | |a Winisis 1.4 (Disco compacto) / |c Organización de las Naciones Unidas para la Educación, la Ciencia y la Cultura |
| 260 | |a Brasil : |b UNESCO, |c 2001 | ||
| 300 | |a Disco compacto | ||
| 650 | 1 | 4 | |a PROGRAMAS DE COMPUTADORA |9 1302 |
| 650 | 1 | 4 | |a WINISIS |9 4294 |
| 942 | |i 002172 |h CD #124 |2 z |c 08 | ||
